Gran exposición ferroviaria / por Miguel Ansón
Publicado:
San Jorge, núm. 89 (1r trimestre 1973), pàg 53 - 54 :
MARC
| LEADER | 00000nam a2200000Ia 4500 | ||
|---|---|---|---|
| 001 | |||
| 008 | 160829s9999 xx 000 0 cat d | ||
| 100 | |a Ansón, Miguel |9 21597 | ||
| 245 | |a Gran exposición ferroviaria / por Miguel Ansón | ||
| 260 | |a San Jorge, núm. 89 (1r trimestre 1973), pàg 53 - 54 | ||
| 650 | |a Ferrocarrils |x Exposicions |x Vilanova i la Geltrú |9 36714 | ||
| 700 | |a Congreso Internacional de Amigos del Ferrocarril (19è : 1972 : Barcelona) |9 36715 | ||
| 901 | |a Arxiu | ||
| 942 | |n 1 | ||
| 952 | |0 0 |1 0 |4 0 |7 1 |9 47454 |a Arxiu |b Arxiu |d 2016-12-01 |l 0 |r 2016-12-01 00:00:00 |w 2016-12-01 |y ARXIU | ||
| 999 | |c 51252 |d 51252 | ||